00436nam a22001337a 4500040000800000082002200008100001900030245005200049260002600101300002300127942000700150999001700157952012800174 c333 a333 MAL 2001 C090 aMALCOLM HADDON aModelling and quantitative methods in fisheries aPhnom PenhbMALc2001 a406p.bill.c29cm. cEK c11120d11120 0010406333_000000000000000_MAL_2001_C19070958553aLBCbLBCcC190d2017-02-17o333 MAL 2001 C190pA09687r2017-02-17yEK